| 000 | 00872nam a2200193Ia 4500 | ||
|---|---|---|---|
| 003 | GCL | ||
| 008 | 140319s9999 xx 000 0 ara d | ||
| 020 | _aX105977977 | ||
| 040 |
_aGCL / _cGCL |
||
| 082 | 0 | 4 |
_a362.293 _bص م |
| 100 | 1 | _aصندوق مكافحة وعلاج الادمان والتعاطي | |
| 245 | 1 | 0 |
_aالمؤتمر السنوي الثاني لمواجهة مشكلة المخدرات 18 ـ 25 يونية 2000 / _cصندوق مكافحة وعلاج الادمان والتعاطي |
| 260 |
_aالقاهرة : _bصندوق مكافحة وعلاج الادمان والتعاطي ، _c2000 |
||
| 300 |
_a669 ص ؛ _c25 سم |
||
| 650 | 0 | 4 | _aالمخدرات - مؤتمرات وندوات |
| 650 | 0 | 4 | _aادمان المخدرات - مؤتمرات وندوات |
| 650 | 0 | 4 | _aمكافحة المخدرات - مؤتمرات وندوات |
| 942 |
_2ddc _cBK |
||
| 999 |
_c2694 _d2694 |
||